Central Library OPAC University of Rajshahi

Studies in political economy / (Record no. 58144)

MARC details
000 -LEADER
fixed length control field 00892nam a2200301 a 4500
001 - CONTROL NUMBER
control field 58144
003 - CONTROL NUMBER IDENTIFIER
rucl marc code BD-RjUL
005 - DATE AND TIME OF LATEST TRANSACTION
control field 20211209080606.0
008 - FIXED-LENGTH DATA ELEMENTS--GENERAL INFORMATION
fixed length control field 161217r19681875nyu 000 0 eng
035 ## - SYSTEM CONTROL NUMBER
System control number (OCoLC)339446
System control number (OCoLC)ocm00339446
System control number (BD-RjUL)58268
System control number (NNC)2513346
040 ## - CATALOGING SOURCE
Original cataloging agency BD-RjUL
Language of cataloging eng
Transcribing agency BD-RjUL
041 ## - LANGUAGE CODE
Language code of text/sound track or separate title eng
082 ## - DEWEY DECIMAL CLASSIFICATION NUMBER
Classification number 330
Edition number 23
Author mark and year MUS 1968
090 ## - LOCALLY ASSIGNED LC-TYPE CALL NUMBER (OCLC); LOCAL CALL NUMBER (OCLC)
Classification number (OCLC) (R) ; Classification number, CALL (RLIN) (NR) HB171.7
Local cutter number (OCLC) ; Book number/undivided call number, CALL (RLIN) .M98 1968
100 1# - MAIN ENTRY--PERSONAL NAME
Personal name Musgrave, Anthony,
Dates associated with a name 1849-1912.
9 (RLIN) 172712
245 10 - TITLE STATEMENT
Title Studies in political economy /
Statement of responsibility, etc. Anthony Musgrave
260 ## - PUBLICATION, DISTRIBUTION, ETC. (IMPRINT)
Place of publication, distribution, etc. New York :
Name of publisher, distributor, etc. A. M. Kelley,
Date of publication, distribution, etc. 1875 [reprint 1968]
300 ## - PHYSICAL DESCRIPTION
Pagination viii, 185 p. ;
Size 21 cm.
490 1# - SERIES STATEMENT
Series statement Reprints of economic classics
500 ## - GENERAL NOTE
General note Reprint of the 1875 ed.
650 #0 - SUBJECT ADDED ENTRY--TOPICAL TERM
Topical term or geographic name as entry element Economics.
9 (RLIN) 170576
830 #0 - SERIES ADDED ENTRY--UNIFORM TITLE
Uniform title Reprints of economic classics.
942 ## - ADDED ENTRY ELEMENTS (KOHA)
Source of classification or shelving scheme Dewey Decimal Classification
Koha item type Books
Holdings
Lost status Source of classification or shelving scheme Damaged status Not for loan Collection code Permanent Location Current Location Shelving location Date acquired Source of acquisition Cost, normal purchase price Total Checkouts Full call number Date last seen Copy number Koha item type
  Dewey Decimal Classification   Not For Loan Non-fiction Central Library, University of Rajshahi Central Library, University of Rajshahi   17/01/1971 Zeetlinger 71.00   330 MUS 1968 17/12/2016 C-1 Books